Der gelbe Hund : Gedichte /

Bibliographic Details
Main Author: Jandl, Ernst, 1925-2000
Format: Book
Language:German
Published: Darmstadt : Luchterhand, [1980]

MARC

Tag First Indicator Second Indicator Subfields
LEADER 00000cam a2200000 a 4500
001 in00000080280
005 20151008060913.0
008 801204s1980 gw 00010 ger d
020 |a 3472865083 
020 |z 3472865080 
035 |a (OCoLC)06997568 
035 |9 AAJ6855AM 
040 |a SYB  |c SYB  |d TXA  |d UtOrBLW 
049 |a TXAM  |c [1655425] 
090 |a PT2670.A483  |b G44 
100 1 |a Jandl, Ernst,  |d 1925-2000. 
245 1 4 |a Der gelbe Hund :  |b Gedichte /  |c Ernst Jandl. 
264 1 |a Darmstadt :  |b Luchterhand,  |c [1980] 
264 4 |c ©1980 
300 |a 231 pages ;  |c 21 cm. 
336 |a text  |b txt  |2 rdacontent 
337 |a unmediated  |b n  |2 rdamedia 
338 |a volume  |b nc  |2 rdacarrier 
999 |a MARS 
999 f f |s 08ff4a52-e77f-3a42-ba98-a870e6a0c716  |i 37e97bd3-4235-3695-b2b6-c82e0359d525  |t 0 
952 f f |p ric  |a Texas A&M University  |b Rellis Campus  |c Joint Library Facility  |d Remote Storage  |t 0  |e PT2670.A483 G44  |h Library of Congress classification  |i unmediated -- volume  |m A14806195169 
998 f f |a PT2670.A483 G44  |t 0  |l Remote Storage